000 00641nam a2200229 i 4500
001 bg
100 1 _aDOŁOWY, Krzysztof
245 0 _aBiofizyka /
_cKrzysztof Dołowy.
260 _aWarszawa :
_bWydaw. SGGW,
_c2005.
300 _a99, [2] s. :
_bil. ;
_c24 cm.
504 _aBibliogr.
650 9 _aBiofizyka
655 _aPodręczniki akademickie
020 _a8372446687
040 _cBPK
041 0 _apol
080 _a577.3(075.8)
920 _a83-7244-668-7
942 _cKS
008 s pl f |000 0 pol
999 _c51277
_d51277
856 _uhttp://koha.tu.koszalin.pl/cgi-bin/koha/opac-detail.pl?biblionumber=51277
_yKatalog online BPK